000 00425nam a2200169 4500
001 45753
090 _a45753
100 _a20260227 pory50
101 _apor
102 _aPT
200 _aO Comunismo Científico e seus falsificarores
_fP. N. Fedoseyev
210 _aVeda Nova, Amadora
_cManuel Rodrigues Xavier
_d[imp. 1974]
215 _a150 p.
225 _a74
_v11
675 _a321.7
801 _aPT
_gRPC
990 _cLIVROS